Tự học nghề tiểu thủ công ứng dụng trong đời sống

Wedi'i Gadw mewn:
Manylion Llyfryddiaeth
Prif Awdur: Phạm Văn Lợi
Fformat: Llyfr
Iaith:Undetermined
Cyhoeddwyd: Tây Ninh Sở văn hóa thông tin Tây Ninh 1986
Pynciau:
Tagiau: Ychwanegu Tag
Dim Tagiau, Byddwch y cyntaf i dagio'r cofnod hwn!
Thư viện lưu trữ: Trung tâm Học liệu Trường Đại học Cần Thơ
LEADER 00606nam a2200181Ia 4500
001 CTU_23441
008 210402s9999 xx 000 0 und d
082 |a 661 
082 |b L462 
100 |a Phạm Văn Lợi 
245 0 |a Tự học nghề tiểu thủ công ứng dụng trong đời sống 
245 0 |c Phạm Văn Lợi 
260 |a Tây Ninh 
260 |b Sở văn hóa thông tin Tây Ninh 
260 |c 1986 
650 |a chemical industry - cookery bread,cottage - industries 
904 |i Sáng, 980421 
980 |a Trung tâm Học liệu Trường Đại học Cần Thơ